Library of the University of Algiers 3
Ibrahim Sultan Cheibout
شعار جامعة الجزائر 3
مكتبة جامعة الجزائر 3
إبراهيم سلطان شيبوط

أسباب البراءة والحفظ والأمر بالأوجه أمام النيابة العامة والمحاكم الجنائية / (رقم التسجيلة. 45267)

تفاصيل مارك
000 -LEADER
fixed length control field 01231nam a2200205Ia 4500
003 - CONTROL NUMBER IDENTIFIER
control field Ost
005 - DATE AND TIME OF LATEST TRANSACTION
control field 20260507075634.0
008 - FIXED-LENGTH DATA ELEMENTS--GENERAL INFORMATION
fixed length control field 260507s9999||||xx |||||||||||||| ||und||
040 ## - CATALOGING SOURCE
Transcribing agency fsecg
041 ## - LANGUAGE CODE
Language code of text/sound track or separate title ara
082 ## - DEWEY DECIMAL CLASSIFICATION NUMBER
Classification number 347.02
100 ## - MAIN ENTRY--PERSONAL NAME
Personal name فرج، وجدي شفيق
Relator term مؤلف
245 #0 - TITLE STATEMENT
Title أسباب البراءة والحفظ والأمر بالأوجه أمام النيابة العامة والمحاكم الجنائية /
Statement of responsibility, etc. وجدي شفيق فرج
260 ## - PUBLICATION, DISTRIBUTION, ETC.
Place of publication, distribution, etc. [دون مكان]:
Name of publisher, distributor, etc. د. ن.],
Date of publication, distribution, etc. [د.ت.]
300 ## - PHYSICAL DESCRIPTION
Extent 233 صفحة؛
Other physical details إيضاحات ؛
Dimensions 24 سم
520 ## - SUMMARY, ETC.
Summary, etc. النيابة العامة واختصاصات كل عضو فيها حتى النائب العام- شروط وإجراءات رفع الدعوى الجنائية بناء على محضر جمع الإستدلال- أمر النيابة بحفظ الإتهام والفرق بينه وبين الأمر بالأوجه- الأسباب التي يبنى عليها حفظ الأوراق أو الأمر بالأوجه- تصرف النيابة في المضبوطات بعد الأمر بحفظ الأوراق أو الأمر بالأوجه
653 ## - INDEX TERM--UNCONTROLLED
Uncontrolled term القانون
653 ## - INDEX TERM--UNCONTROLLED
Uncontrolled term المحاكم الجنائية
942 ## - ADDED ENTRY ELEMENTS (KOHA)
Koha item type كتب
المقتنيات
Withdrawn status Lost status Source of classification or shelving scheme Damaged status Not for loan Home library Current library Date acquired Serial enumeration / chronology Inventory number Total checkouts Full call number Barcode Date last seen Price effective from Koha item type
    Dewey Decimal Classification   NOT LOAN / إعارة داخلية مكتبة كلية العلوم الإقتصادية والعلوم التجارية وعلوم التسيير مكتبة كلية العلوم الإقتصادية والعلوم التجارية وعلوم التسيير 07/05/2026 الطابق الأرضي 520/1   أ/520ن1 520/1 07/05/2026 07/05/2026 كتب
    Dewey Decimal Classification   Available مكتبة كلية العلوم الإقتصادية والعلوم التجارية وعلوم التسيير مكتبة كلية العلوم الإقتصادية والعلوم التجارية وعلوم التسيير 07/05/2026 الطابق الأرضي 520/2   أ/520ن2 520/2 07/05/2026 07/05/2026 كتب
    Dewey Decimal Classification   Available مكتبة كلية العلوم الإقتصادية والعلوم التجارية وعلوم التسيير مكتبة كلية العلوم الإقتصادية والعلوم التجارية وعلوم التسيير 07/05/2026 الطابق الأرضي 520/3   أ/520ن3 520/3 07/05/2026 07/05/2026 كتب
    Dewey Decimal Classification   Available مكتبة كلية العلوم الإقتصادية والعلوم التجارية وعلوم التسيير مكتبة كلية العلوم الإقتصادية والعلوم التجارية وعلوم التسيير 07/05/2026 الطابق الثاني 520/4   أ/520ن4 520/4 07/05/2026 07/05/2026 كتب

موارد الويب المفتوحة


© University of Algiers 3 All Rights Reserved
|
Implemented by LECHELAH Riad